000 00512nam a22001937a 4500
003 KOHA_MİRAKIL
005 20240930101001.0
008 240929b2020 tu ||||| |||| 00| 0 tur d
020 _a9786257245197
040 _aTR-AnABB
_btur
_cTR-AnABB
041 _atur
082 _a813.42
_bSEI 2020
100 _aSeidel, Defne.
245 0 _aYasemin sokağı /
_cDefne Seidel.
260 _aAnkara :
_bHerdem Kitap,
_c2020.
300 _a226 sayfa ;
_c20 cm.
650 _aTürk edebiyatı, roman
942 _2ddc
_cBK
999 _c1489
_d1489